Saunders nursing drug handbook. (Record no. 9502)
[ view plain ]
| 000 -LEADER | |
|---|---|
| fixed length control field | 01512cas a2200445 a 4500 |
| 001 - CONTROL NUMBER | |
| control field | 11125154 |
| 003 - CONTROL NUMBER IDENTIFIER | |
| control field | OSt |
| 005 - DATE AND TIME OF LATEST TRANSACTION | |
| control field | 20230412115637.0 |
| 008 - FIXED-LENGTH DATA ELEMENTS--GENERAL INFORMATION | |
| fixed length control field | 980217c19989999mouar f 0 a0eng |
| 020 ## - INTERNATIONAL STANDARD BOOK NUMBER | |
| International Standard Book Number | 9781437703009 |
| 040 ## - CATALOGING SOURCE | |
| Transcribing agency | LC |
| 042 ## - AUTHENTICATION CODE | |
| Authentication code | pcc |
| -- | nsdp |
| 050 00 - LIBRARY OF CONGRESS CALL NUMBER | |
| Classification number | RM125.S25 |
| 082 10 - DEWEY DECIMAL CLASSIFICATION NUMBER | |
| Classification number | 615 |
| Edition number | 12 |
| 245 00 - TITLE STATEMENT | |
| Title | Saunders nursing drug handbook. |
| 246 30 - VARYING FORM OF TITLE | |
| Title proper/short title | Nursing drug handbook |
| 260 3# - PUBLICATION, DISTRIBUTION, ETC. | |
| Place of publication, distribution, etc. | St. Louis: |
| Name of publisher, distributor, etc. | Saunders Elsevier, |
| Date of publication, distribution, etc. | 2010. |
| 300 ## - PHYSICAL DESCRIPTION | |
| Extent | xxii, 1338 p.; |
| Other physical details | 20 cm |
| 310 ## - CURRENT PUBLICATION FREQUENCY | |
| Current publication frequency | Annual |
| 336 ## - CONTENT TYPE | |
| Content type term | text |
| Content type code | txt |
| Source | rdacontent |
| 337 ## - MEDIA TYPE | |
| Media type term | unmediated |
| Media type code | n |
| Source | rdamedia |
| 338 ## - CARRIER TYPE | |
| Carrier type term | volume |
| Carrier type code | nc |
| Source | rdacarrier |
| 362 0# - DATES OF PUBLICATION AND/OR SEQUENTIAL DESIGNATION | |
| Dates of publication and/or sequential designation | 1998- |
| 505 ## - FORMATTED CONTENTS NOTE | |
| Formatted contents note | Contents: Drug classifications -- A-Z Drug entries -- |
| 588 ## - SOURCE OF DESCRIPTION NOTE | |
| Source of description note | Latest issue consulted: 2009. |
| 590 ## - LOCAL NOTE (RLIN) | |
| Local note | Selection Decision based on 2009 |
| 650 #0 - SUBJECT ADDED ENTRY--TOPICAL TERM | |
| Topical term or geographic name entry element | Clinical pharmacology |
| Form subdivision | Handbooks, manuals, etc. |
| 9 (RLIN) | 483 |
| 650 #0 - SUBJECT ADDED ENTRY--TOPICAL TERM | |
| Topical term or geographic name entry element | Nursing |
| Form subdivision | Handbooks, manuals, etc. |
| 9 (RLIN) | 194 |
| 650 #0 - SUBJECT ADDED ENTRY--TOPICAL TERM | |
| Topical term or geographic name entry element | Drugs |
| Form subdivision | Handbooks, manuals, etc. |
| 9 (RLIN) | 482 |
| 655 #7 - INDEX TERM--GENRE/FORM | |
| Genre/form data or focus term | Handbooks and manuals. |
| Source of term | fast |
| Authority record control number or standard number | (OCoLC)fst01423877 |
| 9 (RLIN) | 911 |
| 655 #7 - INDEX TERM--GENRE/FORM | |
| Genre/form data or focus term | Handbooks and manuals. |
| Source of term | lcgft |
| 9 (RLIN) | 911 |
| 655 #2 - INDEX TERM--GENRE/FORM | |
| Genre/form data or focus term | Handbook. |
| 9 (RLIN) | 912 |
| 655 #2 - INDEX TERM--GENRE/FORM | |
| Genre/form data or focus term | Nurses Instruction. |
| 9 (RLIN) | 913 |
| 700 1# - ADDED ENTRY--PERSONAL NAME | |
| Personal name | Hodgson, Barbara B. |
| 9 (RLIN) | 1187 |
| 700 1# - ADDED ENTRY--PERSONAL NAME | |
| Personal name | Kizior, Robert J. |
| 9 (RLIN) | 1188 |
| 776 08 - ADDITIONAL PHYSICAL FORM ENTRY | |
| Relationship information | Online version: |
| Title | Saunders nursing drug handbook |
| Record control number | (OCoLC)606347508 |
| 780 00 - PRECEDING ENTRY | |
| Title | Nurse's drug handbook (Philadelphia, Pa.) |
| Record control number | (DLC) 2002205313 |
| -- | (OCoLC)34157559 |
| 906 ## - LOCAL DATA ELEMENT F, LDF (RLIN) | |
| a | 7 |
| b | cbc |
| c | sercoop |
| d | 2 |
| e | ncip |
| f | 19 |
| g | n-oclcserc |
| 942 ## - ADDED ENTRY ELEMENTS (KOHA) | |
| Source of classification or shelving scheme | Library of Congress Classification |
| Koha item type | Books |
| Withdrawn status | Lost status | Source of classification or shelving scheme | Damaged status | Not for loan | Home library | Current library | Shelving location | Date acquired | Full call number | Barcode | Date last seen | Price effective from | Koha item type |
|---|---|---|---|---|---|---|---|---|---|---|---|---|---|
| Library of Congress Classification | WISCONSIN INTERNATIONAL UNIVERSITY COLLEGE, GHANA KUMASI LIBRARY | WISCONSIN INTERNATIONAL UNIVERSITY COLLEGE, GHANA KUMASI LIBRARY | nursing | 09/02/2023 | RM125.S25 | KSN/1199/146/23 | 12/04/2023 | 12/04/2023 | Books |
